| 000 | 00358nam a2200145Ia 4500 | ||
|---|---|---|---|
| 008 | 240624s9999 xx 000 0 und d | ||
| 041 | _aeng | ||
| 082 | _a340 UNI | ||
| 100 | _aUNIVERSAL | ||
| 245 | _aLANDMARK JUDGMENTS | ||
| 250 | _a(6th ed.) | ||
| 260 |
_c2013 _aNew Delhi _bUniversal Law Publishing Co. Pvt.Ltd. |
||
| 300 | _a205 : p. | ||
| 365 |
_cRS _b25 |
||
| 999 |
_c21993 _d21993 |
||